000
00296nam a22001337a 4500
008
181001b xxu||||| |||| 00| 0 eng d
020
_a
9780742533325
041
_a
eng
080
_a
320
100
_a
21
101
_a
SHP
245
_a
The anglosphere challenge
_c
Bennett,J.C
942
_2
udc
_c
BK
999
_c
48736
_d
48736